000 00821nas a2200241 4500
001 BR9208017
003 BR-BrBNA
005 20231205093053.0
007 ta
008 230509b bl.|||p| |||| 00| 00por d
040 _aBR-BrBNA
_bpor
_cBiblioteca Nacional de Agricultura
041 _a(Pt)
072 _aL60
100 1 _aZardo, C.M.L.
245 1 _aUma nova especie de Phalloniscus Budde-Lund, 1908 (Crustacea, Oniscoidea)do sul do Brasil
246 1 _a[A new species of Phalloniscus Budde-Lund, 1908 (Crustacea, Oniscoidea)from Curitiba, Parana, Brazil!
650 _aCRUSTACEO
650 _aBIOLOGIA
650 _aPARANÁ
773 0 _tRevista Brasileira de Zoologia (Brazil)
_xISSN 0101-8175
_g(Dec 1989), v. 6(4) p. 611-615
_wBR9208017
909 _a202311
_bLúcia
_c55
_dLúcia Elande
942 _2AGRIS
_n0
_cANA
999 _c136042
_d136042